[Event "POR-ch U16"]
[Site "Braga"]
[Date "2013.08.02"]
[Round "1.2"]
[White "Dias, Pedro Nuno Cruz"]
[Black "Aguiar, Henrique Rui Neves"]
[Result "0-1"]
[WhiteElo "1478"]
[BlackElo "2107"]
[PlyCount "42"]
[EventDate "2013.08.02"]
[EventType "swiss"]
[EventRounds "7"]
[EventCountry "POR"]
[SourceTitle "EXT 2015"]
[Source "ChessBase"]
[SourceDate "2014.11.20"]
[SourceVersion "1"]
[SourceVersionDate "2014.11.20"]
[SourceQuality "1"]

1. e4 c5 2. c3 g6 3. Nf3 Bg7 4. d4 cxd4 5. cxd4 d5 6. exd5 Nf6 7. Nc3 Nxd5 8. Be2 0-0 9. 0-0 Nc6 10. Be3 Nxe3 11. fxe3 Bh6 12. Qd2 e5 13. Rad1 Bg4 14. d5 Qb6 15. Kf2 Ne7 16. Nxe5 Qf6+ 17. Nf3 Nf5 18. Ke1 Rae8 19. Qd3 Rxe3 20. Qc2 Bxf3 21. Rxf3 Qh4+ 0-1

[Event "POR-ch prel"]
[Site "Lisbon"]
[Date "2013.07.20"]
[Round "8.5"]
[White "Aguiar, Henrique Rui Neves"]
[Black "Martins, Andre Goncalo Gomes"]
[Result "1-0"]
[WhiteElo "2094"]
[BlackElo "1896"]
[PlyCount "55"]
[EventDate "2013.07.15"]
[EventType "swiss"]
[EventRounds "9"]
[EventCountry "POR"]
[SourceTitle "EXT 2015"]
[Source "ChessBase"]
[SourceDate "2014.11.20"]
[SourceVersion "1"]
[SourceVersionDate "2014.11.20"]
[SourceQuality "1"]

1. e4 c5 2. Nf3 d6 3. d3 Nc6 4. g3 Nf6 5. Bg2 e6 6. 0-0 Be7 7. c3 0-0 8. Re1 Bd7 9. Nbd2 Qc7 10. Qe2 Rac8 11. a4 a6 12. b3 Rfd8 13. Bb2 Bf8 14. Rec1 Qb8 15. a5 d5 16. e5 Ng4 17. Re1 Qc7 18. c4 Nh6 19. Ng5 Be7 20. Qh5 d4 21. Ndf3 Nxa5 22. Ne4 Bc6 23. Nf6+ Kh8 24. Bc1 Nxb3 25. Bxh6 gxf6 26. Bf4 Bf8 27. exf6 Bd6 28. Ng5 1-0

[Event "POR-ch prel"]
[Site "Lisbon"]
[Date "2013.07.19"]
[Round "6.3"]
[White "Aguiar, Henrique Rui Neves"]
[Black "Guerreiro, Nuno M"]
[Result "0-1"]
[WhiteElo "2094"]
[BlackElo "2139"]
[PlyCount "72"]
[EventDate "2013.07.15"]
[EventType "swiss"]
[EventRounds "9"]
[EventCountry "POR"]
[SourceTitle "EXT 2015"]
[Source "ChessBase"]
[SourceDate "2014.11.20"]
[SourceVersion "1"]
[SourceVersionDate "2014.11.20"]
[SourceQuality "1"]

1. e4 Nc6 2. Nf3 Nf6 3. e5 Ng4 4. d4 d6 5. h3 Nh6 6. e6 fxe6 7. Bxh6 gxh6 8. Ne5 Nxe5 9. dxe5 Bg7 10. Qh5+ Kd7 11. f4 Qf8 12. Qg4 h5 13. Qh4 dxe5 14. Nc3 c6 15. 0-0-0+ Kc7 16. fxe5 Bxe5 17. Bc4 Qf4+ 18. Qxf4 Bxf4+ 19. Kb1 e5 20. Ne4 Rf8 21. Rhf1 h4 22. a4 a5 23. b3 h6 24. Nc5 Rf6 25. Be2 Be3 26. Ne4 Rf4 27. Rxf4 exf4 28. Bf3 Bf5 29. Kb2 Rd8 30. Rxd8 Kxd8 31. Kc3 Kc7 32. Kc4 b6 33. Kc3 Kd7 34. Kb2 Ke6 35. Nc3 Bd4 36. Bxc6 Kd6 0-1

[Event "POR-CupT 1/8-1/4 final 35th"]
[Site "Torres Vedras"]
[Date "2013.04.21"]
[Round "2.3"]
[White "Guerreiro, Nuno M"]
[Black "Aguiar, Henrique Rui Neves"]
[Result "1-0"]
[WhiteElo "2085"]
[BlackElo "2104"]
[PlyCount "77"]
[EventDate "2013.04.20"]
[EventType "team-k.o."]
[EventRounds "2"]
[EventCountry "POR"]
[SourceTitle "EXT 2015"]
[Source "ChessBase"]
[SourceDate "2014.11.20"]
[SourceVersion "1"]
[SourceVersionDate "2014.11.20"]
[SourceQuality "1"]
[WhiteTeam "Mata de Benfica"]
[BlackTeam "Dos Galitos"]
[WhiteTeamCountry "POR"]
[BlackTeamCountry "POR"]

1. Nf3 Nf6 2. g3 g6 3. Bg2 Bg7 4. 0-0 0-0 5. d3 d6 6. e4 Nc6 7. c3 e5 8. b4 a6 9. a4 Re8 10. Qb3 h6 11. c4 Be6 12. Nc3 a5 13. b5 Ne7 14. h3 Kh7 15. Be3 c5 16. bxc6 bxc6 17. Rab1 Nd7 18. Qa3 Bf8 19. Qc1 Bg7 20. Nd2 f5 21. f4 Qc7 22. Ne2 Rf8 23. Qa3 Ng8 24. Rfc1 Rf7 25. d4 exd4 26. Nxd4 Re8 27. Nxe6 Rxe6 28. c5 Bf8 29. Qb3 Ree7 30. cxd6 Qxd6 31. e5 Qe6 32. Qxe6 Rxe6 33. Rxc6 Rxc6 34. Bxc6 Rg7 35. Rb5 Bb4 36. Nc4 Nf8 37. Nxa5 Bxa5 38. Rxa5 Rc7 39. Ra7 1-0